000 00303nam a2200133Ia 4500
008 240624s9999 xx 000 0 und d
041 _aeng
082 _a823 THA
100 _aTHAPAR ROMILA
245 _aSOMNATHA
260 _c2008
_aNew Delhi
_bPenguin
300 _a260 : p. : cm. ; 20
365 _cRS
999 _c21082
_d21082